European Quality of Life Survey 2016 Quality of Life, Quality of Public Services and Quality of Society
Uložené v:
| Korporativný autor: | |
|---|---|
| Médium: | Kniha |
| Jazyk: | English |
| Vydavateľské údaje: |
Luxembourg
Publications Office of the European Union
2017
|
| Vydanie: | 1st edition |
| Predmet: | |
| Tagy: |
Žiadne tagy, Buďte prvý, kto otaguje tento záznam!
|
MARC
| LEADER | 00000nam a2200000 4500 | ||
|---|---|---|---|
| 001 | 0241555 | ||
| 005 | 20240314122920.7 | ||
| 020 | |a 978-92-897-1623-9 | ||
| 041 | 0 | |a eng | |
| 044 | |a LU | ||
| 245 | 1 | 0 | |a European Quality of Life Survey 2016 |b Quality of Life, Quality of Public Services and Quality of Society |
| 250 | |a 1st edition | ||
| 264 | 1 | |a Luxembourg |b Publications Office of the European Union |c 2017 | |
| 300 | |a 114 s. | ||
| 610 | 2 | 0 | |a kvalita života |
| 610 | 2 | 0 | |a úroveň životná |
| 610 | 2 | 0 | |a služby verejné |
| 610 | 2 | 0 | |a kvalita služieb |
| 610 | 2 | 0 | |a starostlivosť zdravotná |
| 610 | 2 | 0 | |a starostlivosť o deti |
| 610 | 2 | 0 | |a spoločnosť |
| 610 | 2 | 0 | |a vylúčenie sociálne |
| 710 | 2 | |a European Foundation for the Improvement of Living and Working Conditions - Eurofound | |